Finde die Stadt (Geographie: Entfernungen Quiz - 3) - Statistiken

Allgemein
  • Dieses Quiz wurde 48 mal gespielt
  • Das Durchschnittsergebnis liegt bei 6 aus 10
Antwortstatistiken
Stadt Distanz in Km Richtung Gesuchte Stadt % Korrekt
Ingolstadt 164 Westen Stuttgart
83%
Köln 474 Osten Dresden
81%
Göteborg 229 Süden Kopenhagen
72%
Chicago 1146 Osten New-York
69%
Darmstadt 356 Norden Bremen
64%
Montevideo 202 Westen Buenos Aires
64%
Barcelona 900 Westen Porto
64%
Dortmund 528 Westen London
53%
Brügge 65 Süden Lille
47%
Suez 1106 Norden Ankara
39%
Keine übereinstimmenden Quizze gefunden
Verteilung der Resultate
Anzahl Personen mit jedem Resultat
Perzentil nach korrekt beantworteten Fragen
Ihre Resultats-Entwicklung
Sie haben dieses Quiz noch nicht gespielt